000 02327cam a22004934i 4500
003 PE-LiUPU
005 20250731173416.0
008 150706s r 000 0 d
020 _a9780851518398
035 _a(Sirsi) i9780851518398
040 _aPE-LiUPU
_bspa
_cPE-LiUPU
_erda
049 _aPRUA
082 0 4 _a252.058
_bLl8
_221
100 1 _aLloyd-Jones, Martyn,
_eautor.
245 1 0 _aCristianismo auténtico :
_bsermones sobre Hechos de los apóstoles, Hechos 4-5 /
_cMartyn Lloyd-Jones .
264 1 _aEdimburgo :
_bEl Estandarte de la Verdad,
_c1999.
300 _a378 páginas ;
_c22 cm.
336 _atext
_2rdacontent
337 _aunmediated
_2rdamedia
338 _avolume
_2rdacarrier
490 0 _aSermones sobre Hechos de los Apóstoles
505 0 _aPrefacio a la versión original -- El drama de la incredulidad -- Las características de la incredulidad -- Edificadores necios y vanos -- El único Salvador -- Las marcas autenticas del cristianismo -- Los testigos presenciales -- El mensaje transformador -- El espíritu de incredulidad -- Conocer a Dios -- La única respuesta -- La Cruz de Cristo -- Jesús y la resurrección -- Dios, el Espíritu Santo -- La obra del Espíritu Santo -- Paz en la tierra -- Poder y gracia -- La realidad invisible -- El corazón y sus enemigos -- La necesidad del hombre y la provisión de Dios -- El gran conflicto -- "Señales y prodigios".
526 _aSEG42
526 _aSEG41
526 _aSEG40
526 _aSEG39
526 _aP94
526 _aP87
526 _aP86
526 _aP85
526 _aP77
526 _aP76
526 _aP35
541 _g001-0000567;
630 _aBiblia.
_pN.T.
_pHechos
_vSermones.
650 0 4 _aCristianismo.
700 1 _aGutiérrez Valdivieso, Gema,
_etr.
910 _agl
_bjv
_clch
_d20120527
942 _2ddc
_cBOOK
949 _a252.058 LL8 2
_wDEWEY
_c1
_i64698
_lCCODEBUL1
_mBUL
_p20.00
_r0
_sY
_tBOOK
_u2015-7-6
_xTEOLOGIA
_PP35
_o.STAFF. Colección General
994 _aC0
_bPEPRU
596 _a1
999 _a252.058 LL8 2
_wDEWEY
_c53403
_i64698
_f2021-11-10
_g5
_lCCODEBUL1
_mBUL
_p20.00
_r0
_sY
_tBOOK
_u2015-7-6
_xTEOLOGIA
_PP35
_0COMPRA
_o.STAFF. Colección General
_d53403
980 _81
_gALBERTO SANCHEZ Responsable de Automatización